00972nam a2200265 a 450000100100000000500170001000800410002702000150006804000250008304100130010808200150012110000350013624000230017124500890019426000300028330000210031349000310033450000740036550400300043959000260046970000430049583000380053895201130057699900170068900004382720201002045006.0140506s1993 sp 000 0 spa d a8420606529 aDO-SdBNPbspacBNPHU17aspaheng axxxxbxxxx1 aTácito, Cayo Cornelio97168010aAnnaleslEspañol10aAnales /cCornelio Tácito ; prólogo y traducción de Crescente López de Juan. aMadrid :bAlianza,c1993. a607 p. ;c18 cm.1 aEl libro de bolsillov1652 aIncluye referencias bibliográficas y notas al pie de las páginas. aBibliografía : p. 32-36 aInventariado, 2019/BT12aLópez de Juan, Crescenteetr.971681 0aEl libro de bolsillon1652971682 001050718MOaGRbGRcHDd2014-05-06iLF1l0oxxxx xxxxp43827-10r2020-06-25w2020-06-25y1ZNo se presta c43316d43316